000 00672nam a22002057a 4500
999 _c14437
_d14437
003 AR-CdUCM
008 190423b ||||| |||| 00| 0 spa d
020 _a978-607-404-657-1
040 _aMUNICIPALIDAD PROVINCIAL DEL CUSCO
_cBIBLIOTECA MUNICIPAL DEL CUSCO
082 _aPI / 376.1 /
_bT45
110 _aThe clever factory
_933206
245 _aChomp, el apatosaurio /
260 _aMéxico :
_bSilver Dolphin,
_c2011.
300 _a6 páginas ;
_bIlustraciones,
_c18 cm.
650 _aLiteratura infantil
_9588
650 _aCuentos infantiles
_93927
700 _aCabalero Del Mora, Samantha (traducción)
_933207
942 _2ddc
_cLIBROS
945 _aacv
_d2019-04-23